000 00573nam a2200193 a 4500
001 000035469
005 20200930074351.0
008 111101s1981 sp 000 0 spa d
020 _a8474422256
040 _aDO-SdBNP
_bspa
_cBNPHU
082 _axxxx
_bF954
100 1 _aFuentes Pujol, M.a Eulalia
_961327
245 1 3 _aLa información documentada. /
_cM.a Eulalia Fuentes Pujol.
260 _aEspaña :
_bA.T. E.,
_c1981.
300 _a185 p. ;
_c20 cm.
490 1 _aTextos de peridismo
504 _aBibliografía : p. 183-185
830 0 _aTextos de peridismo
_961328
999 _c34960
_d34960